| 000 | 01086cam a2200349 a 4500 | ||
|---|---|---|---|
| 001 | 4751962 | ||
| 003 | OSt | ||
| 005 | 20140310182045.0 | ||
| 008 | 851017s1985 tnu 000 0aeng | ||
| 010 | _a 85025952 | ||
| 020 | _a0840759614 | ||
| 040 |
_aDLC _cDLC _dDLC |
||
| 043 | _an-us--- | ||
| 050 | 0 | 0 |
_aBR1725.J389 _bA34 1985 |
| 082 | 0 | 0 |
_a280/.4/0922 _aB |
| 100 | 1 |
_aJenkins, Peter, _d1951- _911693 |
|
| 245 | 1 | 4 |
_aThe road unseen / _cPeter & Barbara Jenkins. |
| 260 |
_aNashville : _bNelson, _cc1985. |
||
| 300 |
_a239 p. ; _c24 cm. |
||
| 521 | _aFourth year high school students and above | ||
| 526 | _c1110L to 1700L | ||
| 541 | _j1 | ||
| 562 | _eFor circulation. One copy available in the collection. | ||
| 600 | 1 | 0 |
_aJenkins, Peter, _d1951- _911694 |
| 600 | 1 | 0 | _aJenkins, Barbara. |
| 650 | 0 |
_aChristian biography _zUnited States. _911695 |
|
| 650 | 0 |
_aWalking _zUnited States. _911696 |
|
| 651 | 0 |
_aUnited States _xDescription and travel. _911697 |
|
| 700 | 1 | _aJenkins, Barbara. | |
| 906 |
_a7 _bcbc _corignew _d1 _eocip _f19 _gy-gencatlg |
||
| 942 |
_2lcc _cBK _kHS |
||
| 999 |
_c8870 _d8870 |
||